Temesvári Tévé
Elmentve itt :
| Szerző: | |
|---|---|
| Adatforrás: | Meister |
| Forrásdokumentuma: | Művelődés. - 3 sz., 1998, 27 p. |
| Nyelv: | magyar |
| Kulcsszavak: | intézménytörténet televízió mass-media Temesvár Temesvári Tévé |
| LEADER | 00428nab a2200169 i 4500 | ||
|---|---|---|---|
| 001 | bibPRO00001445 | ||
| 008 | 060524s1998 xx hun | ||
| 040 | |a Sz1 | ||
| 041 | |a hun | ||
| 100 | 1 | |a BARTHA Csaba | |
| 245 | 1 | 0 | |a Temesvári Tévé |c BARTHA Csaba |
| 695 | |a intézménytörténet | ||
| 695 | |a televízió | ||
| 695 | |a mass-media | ||
| 695 | |a Temesvár | ||
| 695 | |a Temesvári Tévé | ||
| 773 | 0 | |t Művelődés. - |g 3 sz., 1998, 27 p. | |